000 01101nam0a2200289 4500
001 RU\NLR\ONL2\26623
005 20250613224511.0
035 _a(NLR Aleph) 010213577
090 _a10285314
_c10285314
100 _a20130617d1959 |||y0rusy50 ca
101 0 _aalt
102 _aRU
105 _ay |||||||||
200 1 _aКПСС-тиҥ очередной эмес ХХ1 съездиндэги кучыны, 1959 j. 31 январьда
_fА. Б. Аристов
210 _aГорно-Алтайск
_cБичиктер чыг. изд-возы
_d1959
215 _a23с.
_d20
541 1 _aРечь на внеочередном XXI съезде КПСС
_zrus
601 1 2 _aКПСС. Съезд, 21-й. Москва, 1959
_xПропаганда материалов
_92162951
_3RU\NLR\AUTH\6601538623
686 1 _aФ61(2)11
700 1 _aАристов
_bА.Б.
_f1903-1973
_gАверкий Борисович
_4070
801 0 _aRU
_bNLR
_c20130617
_gPSBO
852 _aNLR
852 _aNLR
_bОНЛ
_jАлт./2-399
942 _cBOOK
980 _aNB
980 _aONL_RF